000
00303nam a2200109Ia 4500
008
190216s9999||||xx |||||||||||||| ||und||
100
_a
Bhatia S K
245
0
_a
Personal Management Humanresource Management Principles And Techniques
260
_b
Deep&Deep Pub.Newdelhi
650
_a
Commerce
942
_c
BK
999
_c
5884
_d
5884